00419pab a2200133 454500008004000000100002400040245011900064260000900183300001100192362000800203650002300211700002000234773003100254180718b1989 xxu||||| |||| 00| 0 eng d aBuyers, Kathleen M. aThe Microelectronics and computer Technology CorporationbAn assessment from market and public policy perspectives c1989 a101-27 aMay aComputers - U.S.A. aDavid R. Palmer aAdministration and Society